书目信息 |
| 题名: |
2010年注册会计师考试应试指导及全真模拟测试
|
|
| 作者: | 田明 编著 | |
| 分册: | 公司战略与风险管理 | |
| 出版信息: | 北京 北京大学出版社 2010 |
|
| 页数: | 307页 | |
| 开本: | 26cm | |
| 丛书名: | ||
| 单 册: | ||
| 中图分类: | F23 , F276.6 | |
| 科图分类: | ||
| 主题词: | 会计--考核--自学参考资料 , 公司--企业管理--考核--自学参考资料 , 公司--风险管理--考核--自学参考资料 , 会计 , 公司 , 企业管理 , 风险管理 | |
| 电子资源: | ||
| ISBN: | 978-7-301-16994-0 | |
| 000 | 01278nam0 2200373 450 | |
| 001 | 004557709 | |
| 005 | 20110224091154.98 | |
| 010 | @a978-7-301-16994-0@dCNY32.00 | |
| 035 | @a004557709 | |
| 100 | @a20100602d2010 em y0chiy0110 ea | |
| 101 | 0 | @achi |
| 102 | @aCN@b110000 | |
| 105 | @ay z 000yy | |
| 106 | @ar | |
| 200 | 1 | @a2010年注册会计师考试应试指导及全真模拟测试@92010 nian zhu ce kuai ji shi kao shi ying shi zhi dao ji quan zhen mo ni ce shi@i公司战略与风险管理@f田明编著 |
| 210 | @a北京@c北京大学出版社@d2010 | |
| 215 | @a307页@d26cm | |
| 300 | @a2010年注册会计师考试轻松过关系列 | |
| 300 | @a注册会计师全国统一考试辅导用书 | |
| 304 | @a东奥会计在线组编 | |
| 308 | @a系列一 | |
| 330 | @a本书含注册会计师考试公司战略与风险管理的大纲、命题规律总结及趋势预测、同步辅导及强化训练、跨章节综合题演练、全真模拟测试,并附录2009年试题及参考答案。 | |
| 606 | 0 | @a会计@x考核@j自学参考资料 |
| 606 | 0 | @a公司@x企业管理@x考核@j自学参考资料 |
| 606 | 0 | @a公司@x风险管理@x考核@j自学参考资料 |
| 606 | 0 | @a会计 |
| 606 | 0 | @a公司 |
| 606 | 0 | @a企业管理 |
| 606 | 0 | @a风险管理 |
| 690 | @aF23@v4 | |
| 690 | @aF276.6@v4 | |
| 701 | 0 | @a田明@9tian ming@c(财务会计)@4编著 |
| 801 | 0 | @aCN@bNLC@c20110224 |
| 905 | @b205997858-885@h599785-88@dF23@e387@f4 | |
| 2010年注册会计师考试应试指导及全真模拟测试.公司战略与风险管理/田明编著.-北京:北京大学出版社,2010 |
| 307页;26cm |
| 2010年注册会计师考试轻松过关系列.-注册会计师全国统一考试辅导用书 |
| ISBN 978-7-301-16994-0:CNY32.00 |
| 本书含注册会计师考试公司战略与风险管理的大纲、命题规律总结及趋势预测、同步辅导及强化训练、跨章节综合题演练、全真模拟测试,并附录2009年试题及参考答案。 |
| ● |
| 相关链接 |
|
|
|
|
正题名:2010年注册会计师考试应试指导及全真模拟测试
索取号:F23/387
 
预约/预借
| 序号 | 登录号 | 条形码 | 馆藏地/架位号 | 状态 | 备注 |
| 1 | 599785 | 205997858 | 第一样本阅览室/ [索取号:F23/387] | 在馆 | |
| 2 | 599786 | 205997867 | 第一借阅区/ [索取号:F23/387] | 在馆 | |
| 3 | 599787 | 205997876 | 第一借阅区/ [索取号:F23/387] | 在馆 | |
| 4 | 599788 | 205997885 | 第一借阅区/ [索取号:F23/387] | 在馆 |